| 000 | 00378nam a2200157Ia 4500 | ||
|---|---|---|---|
| 008 | 230917s9999||||xx |||||||||||||| ||und|| | ||
| 040 |
_e160704 _aMAIN |
||
| 041 | _aEnglish | ||
| 082 | _a658.4 J187F(4) | ||
| 100 | _aJagota, Subhash | ||
| 245 | 0 | _aFoundation of success | |
| 250 | _a4th ed. | ||
| 260 |
_aNew Delhi _bExcel Books _c2009 |
||
| 300 | _aix, 79 p. | ||
| 942 | _cBK | ||
| 999 |
_c153144 _d153144 |
||